000 00550cam a2200229 a 4500
001 2805405
005 20171226041042.0
008 820709s1983 mdua 001 0 eng
010 _a 82010877
020 _a0683002112
040 _aDLC
_cDLC
_dDLC
041 _aeng
060 _aQS 17 G767a
080 _a611.00222 AND
082 0 0 _a611.00222 AND
_219
100 1 _a6
101 _aANA
245 1 0 _aGrant's Atlas of anatomy.
740 0 _aAtlas of anatomy.
906 _a7
_bcbc
_corignew
_d1
_eocip
_f19
_gy-gencatlg
942 _2ddc
_cBK
999 _c39380
_d39380